A-Z click test - Statistics

General Stats
  • This quiz has been taken 102 times
  • The average score is 10 of 26
Answer Stats
Hint Answer % Correct
1 A
84%
4 D
84%
5 E
82%
7 G
80%
10 J
73%
21 U
68%
11 K
66%
23 W
66%
19 S
61%
15 O
57%
18 R
43%
26 Z
43%
6 F
41%
22 V
32%
9 I
20%
8 H
14%
16 P
14%
20 T
14%
14 N
11%
24 X
11%
2 B
9%
3 C
9%
25 Y
7%
17 Q
5%
12 L
2%
13 M
2%
No matching quizzes found
Score Distribution
Percent of People with Each Score
Percentile by Number Answered
Your Score History
You have not taken this quiz